Čaká novú vládu iba bonus?

Saved in:
Bibliographic Details
Main Author: Husár, Jaroslav
Format: Book
Language:Slovak
Published: Bratislava Katedra operačného výskumu a ekonometrie FHI EU 2010
Series:Odborné práce KOVE 2010
Subjects:
Tags: Add Tag
No Tags, Be the first to tag this record!

MARC

LEADER 00000nlm$a2200000$$$4500
001 0120190
005 20240502072338.5
041 0 |a slo 
044 |a SK 
245 1 0 |a Čaká novú vládu iba bonus?  |c Jaroslav Husár 
264 1 |a Bratislava  |b Katedra operačného výskumu a ekonometrie FHI EU  |c 2010 
490 1 |a Odborné práce KOVE 2010 
830 0 |a Odborné práce KOVE 2010 
610 2 0 |a politika hospodárska 
610 2 0 |a vláda 
610 2 0 |a integrácia ekonomická medzinárodná 
610 2 0 |a výkonnosť ekonomiky 
610 2 0 |a trh finančný 
610 2 0 |a systémy daňové 
610 2 0 |a produkt domáci hrubý 
610 2 0 |a modelovanie ekonometrické 
610 2 0 |a systémy ekonomické 
610 2 0 |a Slovensko 
610 2 0 |a Európska únia 
100 1 |a Husár, Jaroslav